00425cam a22001337a 4500008004000000020001500040082001400055100002000069245012400089260003000213300001000243650002400253650001400277180718b2002 xxu||||| |||| 00| 0 eng d a8173915067 aB234 B146 aBagchi, Santanu aIdeas on socialism and social justice: a study of Jawaharlal Nehru, Rammanohar Lohia and Asoke Mehtacby Santanu Bagchi aNew DelhibKanishkac2002 a224p. aSocialists - India. aSocialism